[Event "South America-ch U12 16th"]
[Site "Buenos Aires"]
[Date "2019.12.04"]
[Round "5.5"]
[White "Pavez Pavez, Vicente Antonio"]
[Black "Mundaca Bermedo, Tomas Joaquin"]
[Result "1-0"]
[WhiteElo "1509"]
[BlackElo "1461"]
[PlyCount "109"]
[EventDate "2019.12.01"]
[EventType "swiss"]
[EventRounds "9"]
[EventCountry "ARG"]
[SourceTitle "EXT 2024"]
[Source "ChessBase"]
[SourceDate "2023.10.10"]
[SourceVersion "1"]
[SourceVersionDate "2023.10.10"]
[SourceQuality "1"]

1. b3 e5 2. e3 Nc6 3. Bb2 g6 4. Bb5 Nge7 5. Nf3 Bg7 6. d3 0-0 7. 0-0 a6 8. Bxc6 Nxc6 9. Nbd2 d5 10. c4 d4 11. exd4 exd4 12. Re1 Bf5 13. Ne4 Re8 14. Qd2 Bg4 15. Ng3 Bxf3 16. gxf3 Ne5 17. Kg2 Qf6 18. Qd1 Rad8 19. Re4 c5 20. Qe2 h5 21. f4 Qc6 22. f3 f5 23. Rxe5 Bxe5 24. fxe5 h4 25. Nh1 Rd7 26. Kg1 f4 27. Bc1 g5 28. Nf2 Rde7 29. Ng4 b6 30. Bd2 a5 31. a3 Ra8 32. a4 Rae8 33. Re1 Kg7 34. Kg2 Re6 35. Qf2 Rf8 36. Re4 Kg6 37. Qe2 Rf5 38. h3 Qc7 39. Kf1 Qc6 40. Bc1 Qc7 41. Kf2 Qg7 42. Nf6 Qc7 43. Nd5 Qb8 44. Bxf4 Rxf4 45. Nxf4+ gxf4 46. Rxf4 Rxe5 47. Re4 Rxe4 48. Qxe4+ Kf7 49. Qf5+ Kg7 50. f4 Qd6 51. Kf3 Qc6+ 52. Qe4 Qd7 53. Qe5+ Kf7 54. f5 Qb7+ 55. Qd5+ 1-0

[Event "Pan American-ch U12"]
[Site "Santiago de Chile"]
[Date "2018.07.22"]
[Round "1"]
[White "Galaviz Medina, Atlas Adomaitis"]
[Black "Pavez Pavez, Vicente Antonio"]
[Result "1-0"]
[WhiteElo "1837"]
[BlackElo "1359"]
[PlyCount "53"]
[EventDate "2018.07.22"]
[EventType "swiss"]
[EventRounds "9"]
[EventCountry "CHI"]
[SourceTitle "EXT 2022"]
[Source "ChessBase"]
[SourceDate "2021.10.06"]
[SourceVersion "1"]
[SourceVersionDate "2021.10.06"]
[SourceQuality "1"]

1. d4 Nf6 2. c4 e6 3. Nf3 d5 4. e3 c5 5. Nc3 Nc6 6. Bd3 Be7 7. 0-0 0-0 8. Ne5 Qc7 9. Nxc6 bxc6 10. Qe2 Bb7 11. Rd1 Rad8 12. dxc5 Bxc5 13. Na4 Bd6 14. h3 c5 15. b3 Be5 16. Rb1 dxc4 17. bxc4 Qc6 18. f3 Bg3 19. Nxc5 Qxc5 20. Rxb7 a6 21. Rb3 Qc7 22. f4 h5 23. Bb2 Qa5 24. Bxf6 gxf6 25. Qf3 h4 26. Rb5 Qc3 27. Qg4+ 1-0